Statistics for Countries with Highest illiteracy Rates

Click here to take the quiz!

General Stats

  • This quiz has been taken 71 times
  • The average score is 7 of 10

Answer Stats

Adult illiteracy RateCountry% Correct
84.3%Niger
89%
63.7%Sierra Leone
67%
61.3%Ethiopia
67%
63.2%Guinea-Bissau
66%
77.0%Burkina Faso
64%
63.5%The Gambia
64%
62.5%Benin
64%
60.1%Mauritania
64%
62.7%Senegal
63%
63.7%Afghanistan
59%

Score Distribution

Percentile by Number Answered

Percent of People with Each Score

Your Score History

You have not taken this quiz